00565nam a2200133Ia 4500008004100000020002200041100002000063245011500083260003400198300002300232650003800255999001900293952011900312200924s9999 xx 000 0 und d a978-111-9924-58-6 aWeygandt, Jerry cJerry Weygandt, Paul Kimmel, Don KiesoaFinancial accounting with international financial reporting standards/ aManila:bC&E Publishingc2019 axiii, I-14c27 cm. aFinancial statements -- standards c364476d364476 001040aCLbCLcRESd2020-09-24eLibrary fundl0oHF 5636 .W547 2019pC22585r2020-09-24 00:00:00w2020-09-24yBK